000 00635cam a22002171 4500
001 ca 36000147
003 DLC
005 20260227111140.0
008 940201s1936 maua 000 0 eng
010 _aca 36000147
035 _a(OCoLC)29714352
040 _aDLC
_cICU
_dDLC
042 _apremarc
050 0 0 _aPS3521.I513
_bL6 1936
082 _a812.5
100 1 _aKing, Beulah,
_d1892-
245 1 0 _aLove in a fog;
_ba comedy in three brief acts,
_cby Beulah King ...
260 _aBoston, Mass.,
_aLos Angeles, Cal.
_b[Walter H. Baker Company,
_cc1936]
300 _a67 p.
_bdiagr.
_c19 cm.
490 0 _aBaker's edition of plays
999 _c18007
_d18007